000 00751nam a2200301Ia 4500
001 Z_3765
003 CHAP
008 220113s1981 xx 000 0 und d
010 _a166845
040 _cCHAP
082 _a636.214 V3
100 _aVassallo Muñiz, Carlos César
_9118185
245 _aEl ganado lechero /
_cpor Carlos C Vasallo Muñiz
260 _aChapingo, Méx. :
_bUACH. Departamento de Zootecnia,
_c1981
300 _a2 v.
440 _a
500 _a
503 _a
650 _aGanado lechero
_xManejo
_9140018
650 _aGanado lechero
_xMéxico
_9137717
650 _aMéxico
_xGanado lechero
_9137879
901 _a636.214 V3
902 _aA
910 _a1981
942 _c1
942 _cc1
999 _c166845
_d166845